| 000 | 01325cam a22003734i 4500 | ||
|---|---|---|---|
| 003 | PE-LiUPU | ||
| 005 | 20250731184058.0 | ||
| 008 | 150623s r 000 0 d | ||
| 020 | _a9972530051 | ||
| 035 | _a(Sirsi) i9789972530050 | ||
| 040 |
_aPE-LiUPU _bspa _cPE-LiUPU _erda |
||
| 049 | _aPRUA | ||
| 082 | 0 | 4 |
_a869.56 _bM63M _221 |
| 100 | 1 |
_aMiranda Lévano, Sylvia, _eautor. |
|
| 245 | 1 | 0 |
_aMemorias de manú / _cSylvia Miranda Lévano. |
| 264 | 1 |
_aLima : _bBanco Central de Reserva del Perú, Fondo Editorial, _c1997. |
|
| 300 |
_a108 páginas ; _c20 centímetros |
||
| 336 |
_atext _2rdacontent |
||
| 337 |
_aunmediated _2rdamedia |
||
| 338 |
_avolume _2rdacarrier |
||
| 505 | 0 | _aMemorias de manú. | |
| 526 | _aP145 | ||
| 526 | _aP127 | ||
| 526 | _aP97 | ||
| 526 | _aP14 | ||
| 526 | _aP07 | ||
| 650 | 0 | 4 |
_aNovelas peruanas _ySiglo XX. |
| 942 |
_2ddc _cBOOK |
||
| 949 |
_a869.56 M63M _wDEWEY _c1 _i47348 _d2016-5-9 _e2016-5-8 _lCCODEBUL1 _mBUL _n2 _r0 _sY _tBOOK _u2015-6-24 _xEDUCACION _zUNKNOWN _0COMPRA _o.STAFF. Colección General |
||
| 994 |
_aC0 _bPEPRU |
||
| 596 | _a1 | ||
| 999 |
_a869.56 M63M _wDEWEY _c23901 _i47348 _d23901 _e2016-5-8 _f2021-11-9 _g5 _lCCODEBUL1 _mBUL _n2 _q1 _r0 _sY _tBOOK _u2015-6-24 _xEDUCACION _zUNKNOWN _0COMPRA _o.STAFF. Colección General |
||
| 980 |
_81 _gALBERTO SANCHEZ Responsable de Automatización |
||